Geography of Oceania - Statistics

General Stats
  • This quiz has been taken 27 times
  • The average score is 17 of 28
Answer Stats
Questions Answer % Correct
A) Largest city in New Zealand Auckland
100%
C) Capital of Australia Canberra
100%
B) Capital of Queensland Brisbane
96%
F) Tropical island country northof NZ, capital is Suva Fiji
96%
M) 2nd most populous city in Australia,capital of Victoria Melbourne
96%
D) Biggest city in the remoteNorthern Territory Darwin
92%
T) island nation featuring a distinct red cross, its capitalis Nuku'alofa Tonga
92%
V) Island nation made up of over 80 islandsand atolls north of New Caledonia Vanuatu
92%
W) Southernmost capital in the world Wellington
92%
K) Remote island nation in thesouth Pacific, its capital is Tarawa Kiribati
88%
B3) Famous performing arts center located in Sydney Harbor, iconic for its architecture Sydney Opera House
84%
U) Official name of the large rock formationin the middle of the Australian outback Uluru
84%
Bonus 1) Remote area of central Australia, known fordeserts and wild animals Outback
80%
H) Capital of the Solomon Islands Honiara
72%
J) Captain of the HMS Endeavor who arrived in Tahiti in April 1769 James Cook
68%
G) 2nd largest city in Queenslandon its southern border with NSW Gold Coast
64%
N) Capital of Palau Ngerulmud
64%
B2) National airline of Australia Quantas
52%
L) Large city in northern Tasmania,known for the Cataract Gorge nearby Launceston
44%
P) Capital of American Samoa Pago Pago
40%
I) major coastal city on the southern tipof New Zealands' south island Invercargill
36%
O) Mountainous region of southern NZ,largest city is Dunedin Otago
32%
S) New Zealands' 3rd largest island offits southern coast Stewart
32%
Q) Tallest building in Australia, locatedin Gold Coast Q1
20%
Z) mostly submerged continental crust off the coastof NZ and eastern Australia Zealandia
12%
E) Major industrial suburb ofAuckland East Tamaki
0%
R) Shield volcano in southeast Tahiti Ronui
0%
X) rural locality in remote western Australia, northof Perth Xantipee
0%
No matching quizzes found
Score Distribution
Percent of People with Each Score
Percentile by Number Answered
Your Score History
You have not taken this quiz